Influencia de las excitaciones rotacionales en la base para desplazamientos sísmicos reales en estructuras de un grado de libertad
Gespeichert in:
| 1. Verfasser: | |
|---|---|
| Format: | Buch |
| Veröffentlicht: |
San José, C.R.
2001
|
| Schlagworte: | |
| Tags: |
Tag hinzufügen
Keine Tags, Fügen Sie den ersten Tag hinzu!
|
MARC
| LEADER | 00000nam a2200000Ia 4500 | ||
|---|---|---|---|
| 003 | 008663 | ||
| 005 | 20221231144204.0 | ||
| 008 | 140114s2001 cr a m 000 ||s d | ||
| 040 | |c cru CEDI | ||
| 090 | |a TFG 4266 | ||
| 100 | |a Pérez Alvarado, Edwin Fernando |9 7906 | ||
| 245 | |a Influencia de las excitaciones rotacionales en la base para desplazamientos sísmicos reales en estructuras de un grado de libertad | ||
| 260 | |c 2001 |a San José, C.R. | ||
| 300 | |a 77, [41] hojas : ilustraciones (algunas a color) | ||
| 500 | |a Tesis (licenciatura en ingeniería civil)--Universidad de Costa Rica. Facultad de Ingeniería. Escuela de Ingeniería Civil | ||
| 650 | |x DINAMICA DE ESTRUCTURAS |x DISEÑO DE ESTRUCTURAS |x CONSTRUCCIONES ANTISISMICAS |9 7907 | ||
| 942 | |c TFG | ||
| 999 | |c 18170 |d 18170 | ||
